Statistics for My Chemical Romance Prison Lyrics

Click here to take the quiz!

General Stats

  • This quiz has been taken 229 times
  • The average score is 256 of 307

Answer Stats

Answer% Correct
I
100%
a
99%
do
99%
Do
99%
the
99%
and
98%
And
98%
go
98%
In
98%
in
98%
me
98%
of
98%
you
98%
say
97%
Say
97%
they
97%
They
97%
to
97%
To
97%
Your
97%
your
97%
can
95%
gunfight
95%
middle
95%
center
94%
just
94%
know
93%
Like
93%
can't
92%
Come
92%
don't
92%
restaurant
92%
well
92%
Well
92%
with
92%
again
91%
arms
91%
bullet
91%
But
91%
but
91%
gonna
91%
made
91%
never
91%
raised
91%
through
91%
us
91%
as
90%
get
90%
God
90%
high
90%
this
90%
will
90%
Will
90%
my
89%
My
89%
doves
88%
now
88%
Now
88%
on
88%
On
88%
be
87%
men
87%
flock
86%
make
86%
prayer
86%
they're
86%
two
86%
we're
84%
had
83%
same
83%
Life
82%
life
82%
mother's
82%
push-ups
82%
enough
81%
eyes
81%
for
81%
How
81%
if
81%
I'll
81%
much
81%
not
81%
Too
81%
too
81%
against
80%
lips
80%
nobody
80%
war
80%
kiss
79%
drag
78%
faith
78%
give
78%
late
78%
myself
78%
Or
78%
or
78%
wish
78%
losing
76%
chair
74%
dare
74%
dying
74%
miss
74%
mom
74%
wage
74%
cares
72%
I'm
72%
All
71%
all
71%
from
71%
you're
71%
killer
70%
rope
70%
yourself
70%
So
69%
cellmate's​
68%
trouble
68%
Am
67%
ask
67%
injection
67%
knows
67%
lethal
67%
yeah
67%
swing
66%
I've
65%
remember
64%
room
64%
is
63%
Oh
63%
oh
63%
heart
62%
have
61%
long
61%
seen
61%
want
60%
What
60%
are
59%
hotel
57%
keys
57%
lost
55%
Pain
55%
down
54%
won't
54%
checkers
53%
friends
53%
by
51%
cards
51%
fire
51%
Fire
51%
Cause
50%
dead
50%
dream
50%
motherf**ker
50%
at
49%
Why
49%
cheat
48%
string
32%
Ah
30%
explain
20%
complain
19%

Score Distribution

Percentile by Number Answered

Percent of People with Each Score

Your Score History

You have not taken this quiz